When men speak as women (Record no. 6693)
[ view plain ]
| 000 -LEADER | |
|---|---|
| fixed length control field | 01121 a2200229 4500 |
| 005 - DATE AND TIME OF LATEST TRANSACTION | |
| control field | 20080905112159.0 |
| 010 ## - LCCN (DPL NO) | |
| LC control number | ENG-87554 B-430972 |
| 020 ## - INTERNATIONAL STANDARD BOOK NUMBER | |
| International Standard Book Number | 0195677382 |
| Terms of availability | 695.00 |
| 035 ## - SYSTEM CONTROL NUMBER | |
| System control number | EN-71087 B-430972 |
| 037 ## - SOURCE OF ACQUISITION | |
| Source of stock number/acquisition | DBAD / PUB |
| 037 ## - SOURCE OF ACQUISITION | |
| Source of stock number/acquisition | Allied Pub/Ven |
| 082 ## - DEWEY DECIMAL CLASSIFICATION NUMBER | |
| Classification number | 841.08 |
| 100 ## - MAIN ENTRY--PERSONAL NAME | |
| Personal name | Petievich, Carla |
| 245 ## - TITLE STATEMENT | |
| Title | When men speak as women |
| Remainder of title | vocal masquerade in Indo-Muslim poetry |
| 260 ## - PUBLICATION, DISTRIBUTION, ETC. (IMPRINT) | |
| Place of publication, distribution, etc | New Delhi |
| Name of publisher, distributor, etc | Oxford University Press |
| Date of publication, distribution, etc | 2007 |
| 270 ## - ADDRESS | |
| Address | Y.M.C.A . Library building, Jai Singh Road, |
| City | New Delhi |
| Postal code | 110 001. |
| 300 ## - PHYSICAL DESCRIPTION | |
| Extent | xii, 365 p. |
| Dimensions | 21 cm ( Hb.) |
| 942 ## - ADDED ENTRY ELEMENTS (KOHA) | |
| Institution code [OBSOLETE] | dpl |
| Item type | English Books |
| Call number prefix | 841.08/PET |
| Source of classification or shelving scheme | Dewey Decimal Classification |
| Classification part | 841.08 |
| Call number suffix | PET |
| Withdrawn status | Lost status | Not for loan | Collection code | Home library | Current library | Date acquired | Cost, normal purchase price | Full call number | Barcode | Copy number | Cost, replacement price | Koha item type | Source of acquisition |
|---|---|---|---|---|---|---|---|---|---|---|---|---|---|
| Non-fiction | Central Library | Central Library | 07/07/2011 | 695.00 | 841.08 PET | B-430972 | 1 | 695.00 | English Books | Allied Pub/2951/29.3.11/78/14.3.11/31.3.11 | |||
| Not For Loan | Non-fiction | D.B.Act.Division | D.B.Act.Division | 05/09/2008 | 695.00 | 841.08 PET | EN-71087 | 1 | 695.00 | English Books |
